<?xml version="1.0" encoding="UTF-8"?>
<record
    xmlns:xsi="http://www.w3.org/2001/XMLSchema-instance"
    xsi:schemaLocation="http://www.loc.gov/MARC21/slim http://www.loc.gov/standards/marcxml/schema/MARC21slim.xsd"
    xmlns="http://www.loc.gov/MARC21/slim">

  <leader>00763nam a22001817a 4500</leader>
  <datafield tag="999" ind1=" " ind2=" ">
    <subfield code="c">63286</subfield>
    <subfield code="d">63286</subfield>
  </datafield>
  <controlfield tag="005">20250723150926.0</controlfield>
  <controlfield tag="008">250723s1982    en ||||| |||| 00| 0 eng d</controlfield>
  <datafield tag="020" ind1=" " ind2=" ">
    <subfield code="a">9789401163163 X</subfield>
  </datafield>
  <datafield tag="080" ind1=" " ind2=" ">
    <subfield code="a">616.89-053.2 D-49</subfield>
  </datafield>
  <datafield tag="245" ind1=" " ind2=" ">
    <subfield code="a">Developmental disabilities : theory, assessment  and intervention / </subfield>
    <subfield code="c">edited by : Michael Lewis, Lawrence T. Taft.</subfield>
  </datafield>
  <datafield tag="264" ind1=" " ind2=" ">
    <subfield code="a">New York :</subfield>
    <subfield code="b">Press Litmed, Medical Publishers,</subfield>
    <subfield code="c">1982.</subfield>
  </datafield>
  <datafield tag="300" ind1=" " ind2=" ">
    <subfield code="a">439 p.:</subfield>
    <subfield code="b"> ill. ; </subfield>
    <subfield code="c">24 cm.</subfield>
  </datafield>
  <datafield tag="500" ind1=" " ind2=" ">
    <subfield code="a">Includes bibliographies and index</subfield>
  </datafield>
  <datafield tag="653" ind1=" " ind2=" ">
    <subfield code="a">Child development deviations--Congresses Child development--Congresses Developmentally disabled children--Congresses</subfield>
  </datafield>
  <datafield tag="653" ind1=" " ind2=" ">
    <subfield code="a">&#x10DB;&#x10D4;&#x10D3;&#x10D8;&#x10EA;&#x10D8;&#x10DC;&#x10D0;</subfield>
  </datafield>
  <datafield tag="700" ind1=" " ind2=" ">
    <subfield code="a">Taft, Lawrence T.</subfield>
    <subfield code="e">&#x10E0;&#x10D4;&#x10D3;&#x10D0;&#x10E5;&#x10E2;&#x10DD;&#x10E0;&#x10D8;</subfield>
    <subfield code="9">25684</subfield>
  </datafield>
  <datafield tag="942" ind1=" " ind2=" ">
    <subfield code="2">udc</subfield>
    <subfield code="c">BK</subfield>
  </datafield>
  <datafield tag="952" ind1=" " ind2=" ">
    <subfield code="0">0</subfield>
    <subfield code="1">0</subfield>
    <subfield code="2">udc</subfield>
    <subfield code="4">0</subfield>
    <subfield code="6">616890532_D49</subfield>
    <subfield code="7">0</subfield>
    <subfield code="9">103747</subfield>
    <subfield code="a">CPL</subfield>
    <subfield code="b">CPL</subfield>
    <subfield code="c">GEN</subfield>
    <subfield code="d">2025-07-23</subfield>
    <subfield code="g">132.00</subfield>
    <subfield code="o">616.89-053.2 D-49</subfield>
    <subfield code="p">72169</subfield>
    <subfield code="r">2025-07-23</subfield>
    <subfield code="t">72169</subfield>
    <subfield code="w">2025-07-23</subfield>
    <subfield code="y">BK</subfield>
    <subfield code="z">132.00</subfield>
  </datafield>
  <datafield tag="952" ind1=" " ind2=" ">
    <subfield code="0">0</subfield>
    <subfield code="1">0</subfield>
    <subfield code="2">udc</subfield>
    <subfield code="4">0</subfield>
    <subfield code="6">616890532_D49</subfield>
    <subfield code="7">0</subfield>
    <subfield code="9">103748</subfield>
    <subfield code="a">CPL</subfield>
    <subfield code="b">CPL</subfield>
    <subfield code="c">GEN</subfield>
    <subfield code="d">2025-07-23</subfield>
    <subfield code="g">132.00</subfield>
    <subfield code="o">616.89-053.2 D-49</subfield>
    <subfield code="p">72170</subfield>
    <subfield code="r">2025-07-23</subfield>
    <subfield code="t">72170</subfield>
    <subfield code="w">2025-07-23</subfield>
    <subfield code="y">BK</subfield>
    <subfield code="z">132.00</subfield>
  </datafield>
  <datafield tag="952" ind1=" " ind2=" ">
    <subfield code="0">0</subfield>
    <subfield code="1">0</subfield>
    <subfield code="2">udc</subfield>
    <subfield code="4">0</subfield>
    <subfield code="6">616890532_D49</subfield>
    <subfield code="7">0</subfield>
    <subfield code="9">103749</subfield>
    <subfield code="a">CPL</subfield>
    <subfield code="b">CPL</subfield>
    <subfield code="c">GEN</subfield>
    <subfield code="d">2025-07-23</subfield>
    <subfield code="g">132.00</subfield>
    <subfield code="o">616.89-053.2 D-49</subfield>
    <subfield code="p">72171</subfield>
    <subfield code="r">2025-07-23</subfield>
    <subfield code="t">72171</subfield>
    <subfield code="w">2025-07-23</subfield>
    <subfield code="y">BK</subfield>
    <subfield code="z">132.00</subfield>
  </datafield>
  <datafield tag="952" ind1=" " ind2=" ">
    <subfield code="0">0</subfield>
    <subfield code="1">0</subfield>
    <subfield code="2">udc</subfield>
    <subfield code="4">0</subfield>
    <subfield code="6">616890532_D49</subfield>
    <subfield code="7">0</subfield>
    <subfield code="9">103750</subfield>
    <subfield code="a">CPL</subfield>
    <subfield code="b">CPL</subfield>
    <subfield code="c">GEN</subfield>
    <subfield code="d">2025-07-23</subfield>
    <subfield code="g">132.00</subfield>
    <subfield code="o">616.89-053.2 D-49</subfield>
    <subfield code="p">72172</subfield>
    <subfield code="r">2025-07-23</subfield>
    <subfield code="t">72172</subfield>
    <subfield code="w">2025-07-23</subfield>
    <subfield code="y">BK</subfield>
    <subfield code="z">132.00</subfield>
  </datafield>
  <datafield tag="952" ind1=" " ind2=" ">
    <subfield code="0">0</subfield>
    <subfield code="1">0</subfield>
    <subfield code="2">udc</subfield>
    <subfield code="4">0</subfield>
    <subfield code="6">616890532_D49</subfield>
    <subfield code="7">0</subfield>
    <subfield code="9">103751</subfield>
    <subfield code="a">CPL</subfield>
    <subfield code="b">CPL</subfield>
    <subfield code="c">GEN</subfield>
    <subfield code="d">2025-07-23</subfield>
    <subfield code="g">132.00</subfield>
    <subfield code="o">616.89-053.2 D-49</subfield>
    <subfield code="p">72173</subfield>
    <subfield code="r">2025-07-23</subfield>
    <subfield code="t">72173</subfield>
    <subfield code="w">2025-07-23</subfield>
    <subfield code="y">BK</subfield>
    <subfield code="z">132.00</subfield>
  </datafield>
</record>
